VASCULAR AND INTERRENTIONAL RADIOLOGY (Record no. 14314)

MARC details
000 -LEADER
fixed length control field 00298nam a22001337a 4500
003 - CONTROL NUMBER IDENTIFIER
control field SGT
082 ## - DEWEY DECIMAL CLASSIFICATION NUMBER
Classification number 617.4130
Item number V14K
100 ## - MAIN ENTRY--PERSONAL NAME
Personal name KAUFMAN,JOHN A
245 ## - TITLE STATEMENT
Title VASCULAR AND INTERRENTIONAL RADIOLOGY
250 ## - EDITION STATEMENT
Edition statement 2ND
260 ## - PUBLICATION, DISTRIBUTION, ETC. (IMPRINT)
Place of publication, distribution, etc PHILADELPHIA
Name of publisher, distributor, etc ELSEVIER
Year of Publication 2014
300 ## - PAGE DESCRIPTION
No. of Pages 597
942 ## - ADDED ENTRY ELEMENTS (KOHA)
Source of classification or shelving scheme Dewey Decimal Classification
Koha item type Books
Holdings
Withdrawn status Lost status Source of classification or shelving scheme Damaged status Not for loan Collection code Home library Current library Shelving location Date acquired Vendor Name SGTU Bill Number Total Checkouts Full call number Accession No. (Barcode) Date last seen Bill Date Koha item type
    Dewey Decimal Classification     MEDICAL SGT Medical Library SGT Medical Library Reference Book 27/12/2017 ABC DELHI SGTU 8707   617.4130 V14K FM9215 27/12/2017 08/08/2017 Books